• 首页
  • 本馆介绍
  • 公告通知
  • 最新文献
  • 馆藏检索
  • 电子资源
  • 读者导购
  • 参考咨询
  • 我的图书馆
  • 登录
  • 详细信息显示
  • 放入我的书架
  • 预约/预借图书
  • 作者相关作品
  • 分类相关作品
  • 丛书相关作品
  • 出版社相关作品

书目信息

  • 表格格式
  • 工作单格式
  • 卡片格式
题名:
文艺论丛
    
 
作者: 张锦池 著
分册: 20  
出版信息: 上海   上海文艺出版社  1984.6
页数: 442页
开本: 20cm
丛书名:
单 册:
中图分类: S206 , I206
科图分类:
主题词: 文学--中国
电子资源:
ISBN:
000 00520nam0 2200193 45
001 0312221749
005 20071212161405.39
010    @dCNY1.45
100    @a20031222d1984 km y0chiy0120 ea
101    @achi
200 1  @a文艺论丛@Awen yi lun cong@h20@f张锦池等著@Fzhang jin chi deng zhu
210    @a上海@c上海文艺出版社@d1984.6
215    @a442页@d20cm
606 0  @a文学@x中国
690    @aS206@v3
690    @aI206@v4
701  0 @a张锦池@Azhang jin chi@4著
801    @aCN@bTSTCL@c20071212
905    @a213230@dI206@e37:20
    
    文艺论丛.20/张锦池等著.-上海:上海文艺出版社,1984.6
    442页;20cm
    
    
    ISBN :CNY1.45
    
●
相关链接 在E读中查询图书 在五车中查询图书 在当当中查询图书 在豆瓣中查询图书


正题名:文艺论丛     索取号:I206/37:20         预约/预借

序号 登录号 条形码 馆藏地/架位号 状态 备注
1 0111561   000669752   第二借阅区/ [索取号:I206/37:20] 在馆    
2 0111563   202309974   密集书库/ [索取号:I206/37:20] 在馆    
唐山师范学院图书馆 欢迎您!
大连网信软件有限公司© 版权所有